000 01482 a2200301 4500
003 Nust
005 20230222094759.0
010 _a 2003113380
020 _a1876175966
035 _a(OCoLC)ocm54544585
040 _cNust
082 _a327.1
100 1 _aRamonet, Ignacio.
_9109412
245 1 0 _aWars of the 21st century :
_bnew threats, new fears /
_cIgnacio Ramonet ; translated by Julie Flanagan.
246 3 _aWars of the twenty-first century
260 _aMelbourne ;
_aNew York :
_bOcean Press,
_cc2004.
300 _a181 p. ;
_c22 cm.
505 _aThe New Face of the World (Page-1), September 11 2001 (Page-32), The Middle East (Page-53), Globalization Antiglibization Planetary Social War (Page-73), The Kosovo War and the New World War (Page-92), The Ecosystems In Danger New Threats New Fears (Page-114), The Empire Against Iraq (Page-137), Another World is Possible (Page-161).
650 0 _aGeopolitics
_xForecasting.
_9109413
650 0 _aGlobalization
_xForecasting.
_910371
650 0 _aTerrorism
_xForecasting.
_9109414
650 0 _aTwenty-first century
650 0 _aWorld politics
_y21st century
_xForecasting.
_97498
856 4 1 _3Contributor biographical information
_uhttp://www.loc.gov/catdir/enhancements/fy1007/2003113380-b.html
856 4 1 _3Publisher description
_uhttp://www.loc.gov/catdir/enhancements/fy0615/2003113380-d.html
856 4 1 _3Table of contents only
_uhttp://www.loc.gov/catdir/toc/fy054/2003113380.html
942 _2ddc
_cBK
999 _c184294
_d184294